LDR 01171naa#a2200205#i#450# 001 RU\\bibl\126716 005 20260630054212.2 011 ## _a2223-9987 100 ## _a20260629b2026####ek#y0rusy0150####ca 102 ## _aRU 200 1# _aСистема автоматического управления энергопотреблением подогреваемого тротуара на основе резистивного кабеля _eЖурнальная статья 210 1# _aСанкт-Петербург _cФГБОУ ВО "Петербургский государственный университет путей сообщения Императора Александра I" _d2026 215 ## _a18 с. 608 ## _aЖурнальная статья _2local 675 ## _aЭлектроизмерительная техника. Радиоизмерительная техника. 621.317 _z 700 #1 _aСоловьев _gБогдан Алексеевич 700 #1 _aГамисония _gГиорги Кахаберович 700 #1 _aАюпов _gАрслан Динарович 700 #1 _aХазиева _gРегина Тагировна 856 4# _aatjournal.ru _u